<?xml version="1.0" encoding="UTF-8"?>
<record
    xmlns:xsi="http://www.w3.org/2001/XMLSchema-instance"
    xsi:schemaLocation="http://www.loc.gov/MARC21/slim http://www.loc.gov/standards/marcxml/schema/MARC21slim.xsd"
    xmlns="http://www.loc.gov/MARC21/slim">

  <leader>00692nam a22001577a 4500</leader>
  <controlfield tag="003">OSt</controlfield>
  <controlfield tag="005">20151211155713.0</controlfield>
  <controlfield tag="008">151211b        xxu||||| |||| 00| 0 eng d</controlfield>
  <datafield tag="040" ind1=" " ind2=" ">
    <subfield code="c">RUA</subfield>
  </datafield>
  <datafield tag="082" ind1=" " ind2=" ">
    <subfield code="a">ATM LON 2004 B208 Or.1</subfield>
  </datafield>
  <datafield tag="100" ind1=" " ind2=" ">
    <subfield code="9">4728</subfield>
    <subfield code="a">LONG, SAPHAL.</subfield>
  </datafield>
  <datafield tag="245" ind1=" " ind2=" ">
    <subfield code="a">The participatory of community based fisheries management at chhkork lake, ponhea leu district, kandal province, &#x1780;&#x17B6;&#x179A;&#x1785;&#x17BC;&#x179B;&#x179A;&#x17BD;&#x1798;&#x1782;&#x17D2;&#x179A;&#x1794;&#x17CB;&#x1782;&#x17D2;&#x179A;&#x1784;&#x1792;&#x1793;&#x1792;&#x17B6;&#x1793;&#x1787;&#x179B;&#x1795;&#x179B;&#x1787;&#x17B6;&#x179B;&#x1780;&#x17D2;&#x1781;&#x178E;&#x17C8;&#x179F;&#x17A0;&#x1782;&#x1798;&#x1793;&#x17CD;&#x1793;&#x17C5;&#x1794;&#x17B9;&#x1784;&#x1786;&#x17D2;&#x1780;&#x17C4;&#x1780; &#x179F;&#x17D2;&#x179A;&#x17BB;&#x1780;&#x1796;&#x1789;&#x17B6;&#x17AE; &#x1781;&#x17C1;&#x178F;&#x17D2;&#x178F;&#x1780;&#x178E;&#x17D2;&#x178F;&#x17B6;&#x179B;</subfield>
  </datafield>
  <datafield tag="260" ind1=" " ind2=" ">
    <subfield code="a">Phnom Penh</subfield>
    <subfield code="b">RUA</subfield>
    <subfield code="c">2004</subfield>
  </datafield>
  <datafield tag="300" ind1=" " ind2=" ">
    <subfield code="a">iv, 41p.</subfield>
    <subfield code="b">ill.</subfield>
    <subfield code="c">29cm.</subfield>
  </datafield>
  <datafield tag="942" ind1=" " ind2=" ">
    <subfield code="2">ddc</subfield>
    <subfield code="c">ATM</subfield>
  </datafield>
  <datafield tag="999" ind1=" " ind2=" ">
    <subfield code="c">4408</subfield>
    <subfield code="d">4408</subfield>
  </datafield>
  <datafield tag="952" ind1=" " ind2=" ">
    <subfield code="0">0</subfield>
    <subfield code="1">0</subfield>
    <subfield code="2">ddc</subfield>
    <subfield code="4">0</subfield>
    <subfield code="6">ATM_LON_2004_000000000000000_B208_OR_1</subfield>
    <subfield code="7">0</subfield>
    <subfield code="9">22720</subfield>
    <subfield code="a">LBB</subfield>
    <subfield code="b">LBB</subfield>
    <subfield code="c">B208</subfield>
    <subfield code="d">2015-12-11</subfield>
    <subfield code="o">ATM LON 2004 B208 Or.1</subfield>
    <subfield code="p">RUA039054</subfield>
    <subfield code="r">2015-12-11</subfield>
    <subfield code="w">2015-12-11</subfield>
    <subfield code="y">ATM</subfield>
  </datafield>
  <datafield tag="952" ind1=" " ind2=" ">
    <subfield code="0">0</subfield>
    <subfield code="1">0</subfield>
    <subfield code="2">ddc</subfield>
    <subfield code="4">0</subfield>
    <subfield code="6">ATM_LON_2004_000000000000000_B208_OR_2</subfield>
    <subfield code="7">0</subfield>
    <subfield code="9">22721</subfield>
    <subfield code="a">LBB</subfield>
    <subfield code="b">LBB</subfield>
    <subfield code="c">B208</subfield>
    <subfield code="d">2015-12-11</subfield>
    <subfield code="o">ATM LON 2004 B208 Or.2</subfield>
    <subfield code="p">RUA039115</subfield>
    <subfield code="r">2015-12-11</subfield>
    <subfield code="w">2015-12-11</subfield>
    <subfield code="y">ATM</subfield>
  </datafield>
  <datafield tag="952" ind1=" " ind2=" ">
    <subfield code="0">0</subfield>
    <subfield code="1">0</subfield>
    <subfield code="2">ddc</subfield>
    <subfield code="4">0</subfield>
    <subfield code="6">ATM_LON_2004_000000000000000_B208_OR_3</subfield>
    <subfield code="7">0</subfield>
    <subfield code="9">22722</subfield>
    <subfield code="a">LBB</subfield>
    <subfield code="b">LBB</subfield>
    <subfield code="c">B208</subfield>
    <subfield code="d">2015-12-11</subfield>
    <subfield code="o">ATM LON 2004 B208 Or.3</subfield>
    <subfield code="p">RUA039049</subfield>
    <subfield code="r">2015-12-11</subfield>
    <subfield code="w">2015-12-11</subfield>
    <subfield code="y">ATM</subfield>
  </datafield>
  <datafield tag="952" ind1=" " ind2=" ">
    <subfield code="0">0</subfield>
    <subfield code="1">0</subfield>
    <subfield code="2">ddc</subfield>
    <subfield code="4">0</subfield>
    <subfield code="6">ATM_LON_2004_000000000000000_B208_OR_4</subfield>
    <subfield code="7">0</subfield>
    <subfield code="9">22723</subfield>
    <subfield code="a">LBB</subfield>
    <subfield code="b">LBB</subfield>
    <subfield code="c">B208</subfield>
    <subfield code="d">2015-12-11</subfield>
    <subfield code="l">1</subfield>
    <subfield code="o">ATM LON 2004 B208 Or.4</subfield>
    <subfield code="p">RUA038930</subfield>
    <subfield code="r">2017-01-18</subfield>
    <subfield code="s">2016-12-13</subfield>
    <subfield code="w">2015-12-11</subfield>
    <subfield code="y">ATM</subfield>
  </datafield>
  <datafield tag="952" ind1=" " ind2=" ">
    <subfield code="0">0</subfield>
    <subfield code="1">0</subfield>
    <subfield code="2">ddc</subfield>
    <subfield code="4">0</subfield>
    <subfield code="6">ATM_LON_2004_000000000000000_B208_OR_5</subfield>
    <subfield code="7">0</subfield>
    <subfield code="9">22724</subfield>
    <subfield code="a">LBB</subfield>
    <subfield code="b">LBB</subfield>
    <subfield code="c">B208</subfield>
    <subfield code="d">2015-12-11</subfield>
    <subfield code="o">ATM LON 2004 B208 Or.5</subfield>
    <subfield code="p">RUA034722</subfield>
    <subfield code="r">2015-12-11</subfield>
    <subfield code="w">2015-12-11</subfield>
    <subfield code="y">ATM</subfield>
  </datafield>
  <datafield tag="952" ind1=" " ind2=" ">
    <subfield code="0">0</subfield>
    <subfield code="1">0</subfield>
    <subfield code="2">ddc</subfield>
    <subfield code="4">0</subfield>
    <subfield code="6">ATM_LON_2004_000000000000000_B208_OR_6</subfield>
    <subfield code="7">0</subfield>
    <subfield code="9">22725</subfield>
    <subfield code="a">LBB</subfield>
    <subfield code="b">LBB</subfield>
    <subfield code="c">B208</subfield>
    <subfield code="d">2015-12-11</subfield>
    <subfield code="o">ATM LON 2004 B208 Or.6</subfield>
    <subfield code="p">RUA033892</subfield>
    <subfield code="r">2015-12-11</subfield>
    <subfield code="w">2015-12-11</subfield>
    <subfield code="y">ATM</subfield>
  </datafield>
  <datafield tag="952" ind1=" " ind2=" ">
    <subfield code="0">0</subfield>
    <subfield code="1">0</subfield>
    <subfield code="2">ddc</subfield>
    <subfield code="4">0</subfield>
    <subfield code="6">ATM_LON_2004_000000000000000_B208_OR_7</subfield>
    <subfield code="7">0</subfield>
    <subfield code="9">22726</subfield>
    <subfield code="a">LBB</subfield>
    <subfield code="b">LBB</subfield>
    <subfield code="c">B208</subfield>
    <subfield code="d">2015-12-11</subfield>
    <subfield code="o">ATM LON 2004 B208 Or.7</subfield>
    <subfield code="p">RUA033944</subfield>
    <subfield code="r">2015-12-11</subfield>
    <subfield code="w">2015-12-11</subfield>
    <subfield code="y">ATM</subfield>
  </datafield>
  <datafield tag="952" ind1=" " ind2=" ">
    <subfield code="0">0</subfield>
    <subfield code="1">0</subfield>
    <subfield code="2">ddc</subfield>
    <subfield code="4">0</subfield>
    <subfield code="6">ATM_LON_2004_000000000000000_B208_OR_8</subfield>
    <subfield code="7">0</subfield>
    <subfield code="9">22727</subfield>
    <subfield code="a">LBB</subfield>
    <subfield code="b">LBB</subfield>
    <subfield code="c">B208</subfield>
    <subfield code="d">2015-12-11</subfield>
    <subfield code="l">2</subfield>
    <subfield code="o">ATM LON 2004 B208 Or.8</subfield>
    <subfield code="p">RUA034192</subfield>
    <subfield code="r">2016-03-04</subfield>
    <subfield code="s">2016-02-16</subfield>
    <subfield code="w">2015-12-11</subfield>
    <subfield code="y">ATM</subfield>
  </datafield>
  <datafield tag="952" ind1=" " ind2=" ">
    <subfield code="0">0</subfield>
    <subfield code="1">0</subfield>
    <subfield code="2">ddc</subfield>
    <subfield code="4">0</subfield>
    <subfield code="6">ATM_LON_2004_000000000000000_B208_OR_9</subfield>
    <subfield code="7">0</subfield>
    <subfield code="9">22728</subfield>
    <subfield code="a">LBB</subfield>
    <subfield code="b">LBB</subfield>
    <subfield code="c">B208</subfield>
    <subfield code="d">2015-12-11</subfield>
    <subfield code="o">ATM LON 2004 B208 Or.9</subfield>
    <subfield code="p">RUA034012</subfield>
    <subfield code="r">2015-12-11</subfield>
    <subfield code="w">2015-12-11</subfield>
    <subfield code="y">ATM</subfield>
  </datafield>
</record>
